[Event "European Youth Chess Championship G18"]
[Site "Prague, Top Hotel Prague"]
[Date "2012.08.19"]
[Round "3.10"]
[White "Froewis, Annika"]
[Black "Kabai, Zsuzsanna"]
[Result "1-0"]
[WhiteElo "2000"]
[BlackElo "2097"]
[PlyCount "0"]
[EventDate "2012.08.17"]
1. e4 {[%clk 1:30:58]} c6 {[%clk 1:30:51]} 2. d4 {[%clk 1:31:23]} d5
{[%clk 1:31:16]} 3. Nc3 {[%clk 1:31:49]} dxe4 {[%clk 1:31:40]} 4. Nxe4
{[%clk 1:32:15]} Bf5 {[%clk 1:31:37]} 5. Ng3 {[%clk 1:32:38]} Bg6
{[%clk 1:31:58]} 6. h4 {[%clk 1:33:04]} h6 {[%clk 1:32:22]} 7. Nf3
{[%clk 1:33:31]} Nd7 {[%clk 1:32:47]} 8. h5 {[%clk 1:33:57]} Bh7 {[%clk 1:33:12]}
9. Bd3 {[%clk 1:34:24]} Bxd3 {[%clk 1:33:35]} 10. Qxd3 {[%clk 1:34:50]} e6
{[%clk 1:33:58]} 11. Bd2 {[%clk 1:35:14]} Ngf6 {[%clk 1:34:00]} 12. O-O-O
{[%clk 1:35:29]} Be7 {[%clk 1:33:40]} 13. Qe2 {[%clk 1:35:35]} O-O
{[%clk 1:33:16]} 14. Nf1 {[%clk 1:34:28]} c5 {[%clk 1:27:33]} 15. g4
{[%clk 1:29:45]} Rc8 {[%clk 1:14:28]} 16. g5 {[%clk 1:21:30]} hxg5
{[%clk 1:14:32]} 17. h6 {[%clk 1:20:26]} g6 {[%clk 1:12:16]} 18. Nxg5
{[%clk 0:55:48]} cxd4 {[%clk 0:58:05]} 19. Kb1 {[%clk 0:51:21]} Qb6
{[%clk 0:48:52]} 20. Rh3 {[%clk 0:46:41]} Nh7 {[%clk 0:41:24]} 21. Nf3
{[%clk 0:38:46]} Bf6 {[%clk 0:37:50]} 22. Bc1 {[%clk 0:37:10]} Rc6
{[%clk 0:31:59]} 23. Ne1 {[%clk 0:30:37]} Nc5 {[%clk 0:30:03]} 24. Nd2
{[%clk 0:28:54]} Na4 {[%clk 0:19:19]} 25. Rb3 {[%clk 0:26:43]} Qc7
{[%clk 0:19:09]} 26. Ne4 {[%clk 0:26:09]} Bh8 {[%clk 0:18:05]} 27. Qb5
{[%clk 0:21:58]} Nb6 {[%clk 0:15:56]} 28. Rf3 {[%clk 0:19:42]} Rc8
{[%clk 0:12:57]} 29. Qe2 {[%clk 0:16:32]} f5 {[%clk 0:10:45]} 30. Nd2
{[%clk 0:15:32]} e5 {[%clk 0:08:15]} 31. Nb3 {[%clk 0:14:32]} Nc4
{[%clk 0:04:56]} 32. Rg3 {[%clk 0:13:35]} a5 {[%clk 0:04:37]} 33. Qf3
{[%clk 0:12:35]} f4 {[%clk 0:02:10]} 34. Rg1 {[%clk 0:11:50]} Qf7
{[%clk 0:02:04]} 35. Qe4 {[%clk 0:11:24]} a4 {[%clk 0:01:53]} 36. Nd2
{[%clk 0:11:25]} Nb6 {[%clk 0:01:02]} 37. Ndf3 {[%clk 0:11:09]} Rc5
{[%clk 0:00:53]} 38. Rxg6+ {[%clk 0:10:11]} Kf8 {[%clk 0:00:58]} 39. Rxb6
{[%clk 0:10:28]} R8c7 {[%clk 0:00:46]} 40. Bd2 {[%clk 0:35:29]} Nf6
{[%clk 0:30:38]} 41. Rxf6 {[%clk 0:32:15]} Qxf6 {[%clk 0:26:59]} 42. Bb4
{[%clk 0:32:35]} Qxh6 {[%clk 0:25:35]} 43. Nd3 {[%clk 0:26:26]} 1-0

[Event "European Youth Chess Championship G18"]
[Site "Prague, Top Hotel Prague"]
[Date "2012.08.19"]
[Round "3.12"]
[White "Sviridova, Vlada"]
[Black "Grigoryan, Julieta"]
[Result "1-0"]
[WhiteElo "2132"]
[BlackElo "1838"]
[PlyCount "61"]
[EventDate "2012.08.17"]

1. d4 Nf6 2. c4 e6 3. Nf3 b6 4. g3 Ba6 5. b3 d5 6. cxd5 Nxd5 7. Bg2 Be7 8. O-O
O-O 9. Re1 Nd7 10. Bd2 c5 11. Nc3 Nxc3 12. Bxc3 Rc8 13. Qd2 Bb7 14. Rad1 cxd4
15. Bxd4 Bf6 16. e4 Bxd4 17. Nxd4 Nf6 18. Nb5 Qxd2 19. Rxd2 Rfd8 20. Rxd8+ Rxd8
21. e5 Nd5 22. a4 a5 23. Nd6 Ba8 24. Rc1 g6 25. h4 Nb4 26. Bxa8 Rxa8 27. Rc7
Nd3 28. Nxf7 Rf8 29. Nh6+ Kh8 30. Ng4 Rf5 31. Nf6 1-0

[Event "European Youth Chess Championship G18"]
[Site "Prague, Top Hotel Prague"]
[Date "2012.08.19"]
[Round "3.13"]
[White "Mabille, Natacha"]
[Black "Galunova, Tsveta"]
[Result "0-1"]
[WhiteElo "1853"]
[BlackElo "2091"]
[PlyCount "106"]
[EventDate "2012.08.17"]

1. e4 e5 2. Nf3 Nc6 3. Bb5 Nf6 4. O-O Bc5 5. c3 O-O 6. d4 Bb6 7. dxe5 Nxe4 8.
Qd5 Nc5 9. Bg5 Ne7 10. Qd1 c6 11. Bc4 Bc7 12. Re1 Ne6 13. Bh4 d5 14. exd6 Qxd6
15. Qxd6 Bxd6 16. Rd1 Nf5 17. Bg3 Rd8 18. Bxd6 Nxd6 19. Bb3 Nc5 20. Bc2 Bf5 21.
Bxf5 Nxf5 22. Na3 Kf8 23. Kf1 f6 24. Nc2 Na4 25. Ncd4 Nxd4 26. Nxd4 Kf7 27. Re1
c5 28. Nf3 g5 29. Re2 Rd7 30. Rc2 g4 31. Ne1 Rad8 32. b3 Nb6 33. c4 Rd2 34.
Rac1 Ke6 35. h3 f5 36. Rxd2 Rxd2 37. Rc2 Rxc2 38. Nxc2 Ke5 39. Ke2 h5 40. hxg4
fxg4 41. Ke3 h4 42. f3 Kf5 43. Kf2 g3+ 44. Ke3 Nc8 45. Ne1 Ne7 46. f4 b6 47.
Kf3 Nc6 48. Nd3 Nb4 49. Ne5 Nxa2 50. Nc6 Nc1 51. Nxa7 Nxb3 52. Nc8 Nd2+ 53. Ke2
Nxc4 0-1

[Event "European Youth Chess Championship G18"]
[Site "Prague, Top Hotel Prague"]
[Date "2012.08.19"]
[Round "3.14"]
[White "Perera Borrego, Mariela"]
[Black "Drakaki, Anna-Maria"]
[Result "1-0"]
[WhiteElo "2066"]
[BlackElo "1827"]
[PlyCount "53"]
[EventDate "2012.08.17"]

1. d4 Nf6 2. Nf3 e6 3. g3 b5 4. Bg2 Bb7 5. O-O c5 6. c3 Na6 7. a4 b4 8. Nbd2
Be7 9. Re1 O-O 10. e4 bxc3 11. bxc3 cxd4 12. cxd4 Nb4 13. Qb3 Ba6 14. Ba3 Rb8
15. Reb1 Bd3 16. Rc1 Bxe4 17. Nxe4 Nxe4 18. Ne5 Nf6 19. Rab1 Qa5 20. Qd1 Rfc8
21. Rxc8+ Rxc8 22. Qe1 Rb8 23. Nd3 Qf5 24. Nxb4 a5 25. Nc2 Bxa3 26. Rxb8+ Bf8
27. Qc3 1-0

[Event "European Youth Chess Championship G18"]
[Site "Prague, Top Hotel Prague"]
[Date "2012.08.19"]
[Round "3.15"]
[White "Malikova, Ulviyya"]
[Black "Tran, My Linh"]
[Result "0-1"]
[WhiteElo "1810"]
[BlackElo "2031"]
[PlyCount "126"]
[EventDate "2012.08.17"]

1. d4 Nf6 2. c4 c5 3. Nf3 cxd4 4. Nxd4 e5 5. Nb5 d5 6. cxd5 Bc5 7. e3 e4 8. a3
a6 9. N5c3 O-O 10. b4 Bd6 11. Be2 Qe7 12. Qb3 Rd8 13. Nd2 Nbd7 14. Bb2 Nb6 15.
Rd1 Bf5 16. h3 h6 17. Qa2 Rac8 18. Bc4 Be5 19. Rc1 Nxc4 20. Nxc4 Bxc3+ 21. Bxc3
Nxd5 22. Bd4 b5 23. Bc5 Qg5 24. g4 bxc4 25. gxf5 Qg2 26. Rf1 Rxc5 27. bxc5 Nxe3
28. Qe2 Nxf1 29. Qxf1 Qf3 30. c6 e3 31. c7 Re8 32. Rxc4 exf2+ 33. Kd2 Qd5+ 34.
Kc2 Qxf5+ 35. Kb2 Kh7 36. Rc1 Qe5+ 37. Kb3 Qd5+ 38. Kb2 Qd4+ 39. Rc3 Qd2+ 40.
Kb3 Qd5+ 41. Kb2 Qf5 42. Rc1 a5 43. Qc4 a4 44. Rf1 Qe5+ 45. Kc2 Rc8 46. Qd3+ g6
47. Rxf2 Rxc7+ 48. Kd1 Qe6 49. Rd2 Rb7 50. Qc2 Qb3 51. Rd3 Qxc2+ 52. Kxc2 f5
53. Rd4 Ra7 54. Kd3 g5 55. Ke3 Re7+ 56. Kf3 Re4 57. Rd6 Rc4 58. Rd3 Kg6 59. Kg3
Kh5 60. Rf3 f4+ 61. Kg2 Rc2+ 62. Kg1 Re2 63. Kf1 Re3 0-1

[Event "European Youth Chess Championship G18"]
[Site "Prague, Top Hotel Prague"]
[Date "2012.08.19"]
[Round "3.16"]
[White "Neuhauser, Salome"]
[Black "Bass, Leenoy"]
[Result "1-0"]
[WhiteElo "2026"]
[BlackElo "1614"]
[PlyCount "73"]
[EventDate "2012.08.17"]

1. e4 e5 2. Nf3 Nc6 3. Bb5 f5 4. Nc3 fxe4 5. Nxe4 Nf6 6. Nxf6+ Qxf6 7. Qe2 Bc5
8. Bxc6 bxc6 9. Qxe5+ Qxe5+ 10. Nxe5 O-O 11. O-O d6 12. Nxc6 Bd7 13. Ne7+ Kh8
14. Nd5 Rae8 15. Ne3 Re6 16. b3 Rg6 17. Bb2 Kg8 18. d4 Bb6 19. c4 c6 20. Rad1
Bd8 21. d5 cxd5 22. Rxd5 Bc6 23. Rd3 Rf3 24. Rfd1 Rxe3 25. Rxe3 Rxg2+ 26. Kf1
Bh4 27. Rh3 Rxf2+ 28. Kg1 Rg2+ 29. Kf1 Rf2+ 30. Ke1 Rxh2+ 31. Rxh4 Rxh4 32.
Rxd6 Re4+ 33. Kf2 Be8 34. c5 Re7 35. b4 Rc7 36. Be5 Rc8 37. Ra6 1-0

[Event "European Youth Chess Championship G18"]
[Site "Prague, Top Hotel Prague"]
[Date "2012.08.19"]
[Round "3.17"]
[White "Meireles, Ana"]
[Black "Skrabakova, Katarina"]
[Result "0-1"]
[WhiteElo "1716"]
[BlackElo "1989"]
[PlyCount "94"]
[EventDate "2012.08.17"]

1. e4 c5 2. Nf3 d6 3. d4 cxd4 4. Nxd4 Nf6 5. Nc3 a6 6. Bc4 e6 7. Bb3 Be7 8. O-O
O-O 9. Qf3 Nc6 10. Nxc6 bxc6 11. Qg3 d5 12. Bh6 Ne8 13. Rad1 Bh4 14. Qg4 e5 15.
Qh5 gxh6 16. g3 Bg5 17. h4 Be7 18. exd5 Nf6 19. Qxe5 Bd6 20. Qe3 Ng4 21. Qc1 c5
22. Ne4 Bf5 23. Nxd6 Qxd6 24. c4 Ne5 25. f3 Nd3 26. Qc2 Qxg3+ 27. Qg2 Qxg2+ 28.
Kxg2 Nxb2 29. Rde1 Rfe8 30. Rxe8+ Rxe8 31. Kh2 Nd3 32. Kg3 Kh8 33. Rd1 Rg8+ 34.
Kh2 Nf4 35. Rd2 Bh3 36. d6 Bd7 37. Bc2 Re8 38. Be4 f5 39. Bb7 a5 40. Ba6 Re2+
41. Rxe2 Nxe2 42. Bb5 Bxb5 43. cxb5 Nd4 44. Kg3 Kg7 45. Kf4 Kf6 46. b6 Ne6+ 47.
Ke3 Nd8 0-1

[Event "European Youth Chess Championship G18"]
[Site "Prague, Top Hotel Prague"]
[Date "2012.08.19"]
[Round "3.18"]
[White "Dalemans, Diana"]
[Black "Milicevic, Dajana"]
[Result "1-0"]
[WhiteElo "1958"]
[BlackElo "1684"]
[PlyCount "141"]
[EventDate "2012.08.17"]

1. e4 d5 2. exd5 Qxd5 3. Nc3 Qa5 4. d4 Nf6 5. Nf3 c6 6. Ne5 Nbd7 7. Nc4 Qd8 8.
Qf3 Nb6 9. Be3 Bg4 10. Qg3 Nxc4 11. Bxc4 e6 12. f3 Bf5 13. Qf2 Bb4 14. Bb3 Nd5
15. Bd2 Qa5 16. Ne4 Bxd2+ 17. Nxd2 Bg6 18. O-O Qc7 19. c4 Ne7 20. d5 exd5 21.
cxd5 O-O 22. dxc6 Nxc6 23. Nc4 Rad8 24. Rfd1 a6 25. Qb6 Qxb6+ 26. Nxb6 Rfe8 27.
Rxd8 Rxd8 28. Bd5 Rd6 29. Re1 h6 30. Rd1 Kh7 31. Nc4 Rd8 32. Ne3 f6 33. Kf2 Be8
34. Bxc6 Rxd1 35. Be4+ f5 36. Bxf5+ g6 37. Bxg6+ Kxg6 38. Nxd1 Bf7 39. Nc3 b5
40. a3 Kf5 41. Ke3 Bc4 42. Ne4 Bd5 43. Kd4 Ba8 44. Nc5 a5 45. Nd3 Bc6 46. Nc1
h5 47. Ne2 h4 48. Kc5 Bd7 49. g3 h3 50. Kd4 Bc6 51. Ng1 Kg6 52. Ke3 Bd7 53. g4
Kg5 54. Nxh3+ Kh4 55. Nf4 b4 56. axb4 axb4 57. Kf2 b3 58. Kg2 Bc6 59. Ne2 Bd5
60. Nd4 Bc4 61. Nf5+ Kg5 62. Kg3 Be2 63. h4+ Kg6 64. Kf4 Kf7 65. g5 Kg6 66. h5+
Kf7 67. h6 Kg6 68. Nh4+ Kh7 69. Kf5 Bd3+ 70. Kf6 Bc4 71. Nf5 1-0

[Event "European Youth Chess Championship G18"]
[Site "Prague, Top Hotel Prague"]
[Date "2012.08.19"]
[Round "3.19"]
[White "Wladyka, Angelika"]
[Black "Terzidaki, Alexandra"]
[Result "0-1"]
[WhiteElo "1658"]
[BlackElo "1958"]
[PlyCount "66"]
[EventDate "2012.08.17"]

1. e4 e6 2. d4 d5 3. Nc3 Nc6 4. Nf3 Nf6 5. Bg5 Be7 6. e5 Ne4 7. Bxe7 Qxe7 8.
Bd3 Ng5 9. Be2 Nxf3+ 10. Bxf3 Qb4 11. O-O Qxd4 12. Re1 Bd7 13. Qe2 O-O-O 14.
Rab1 h5 15. Nb5 Qb6 16. a4 a6 17. Nc3 Qb4 18. h3 Nd4 19. Qd3 g5 20. Red1 Nxf3+
21. Qxf3 g4 22. hxg4 hxg4 23. Qe3 c5 24. Na2 Qb6 25. b4 d4 26. Qb3 Bc6 27. bxc5
Qxc5 28. Nb4 g3 29. Nd3 gxf2+ 30. Kxf2 Qe7 31. Rh1 Qg5 32. Rhg1 Rh5 33. Rbe1
Qd2+ 0-1

[Event "European Youth Chess Championship G18"]
[Site "Prague, Top Hotel Prague"]
[Date "2012.08.19"]
[Round "3.21"]
[White "Sanal, Suna"]
[Black "Vatkali, Dimitra"]
[Result "0-1"]
[WhiteElo "1744"]
[BlackElo "1936"]
[PlyCount "96"]
[EventDate "2012.08.17"]

1. e4 c6 2. d4 d5 3. e5 Bf5 4. Nd2 e6 5. Nb3 Nd7 6. Nf3 Nh6 7. Be2 Bg6 8. O-O
Be7 9. Bd2 Nf5 10. Ne1 O-O 11. f4 f6 12. Nd3 fxe5 13. fxe5 a5 14. a4 Qb6 15.
Kh1 Nxd4 16. Be3 Rxf1+ 17. Bxf1 c5 18. Bxd4 cxd4 19. Nf4 Nxe5 20. Nxd4 Bf7 21.
Bb5 Rd8 22. c3 Ng6 23. Nh5 Qd6 24. Qe2 Bf8 25. Re1 e5 26. Nf3 e4 27. Nd4 Ne5
28. Ng3 Qg6 29. Ngf5 Qg5 30. Rf1 g6 31. Ng3 Bd6 32. Qf2 Rf8 33. Qf6 Be7 34.
Qxg5 Bxg5 35. Nb3 Be8 36. Bxe8 Rxe8 37. Nxa5 b6 38. Nb7 Nc4 39. b3 Nd2 40. Rd1
e3 41. Ne2 Be7 42. a5 Rb8 43. a6 Ra8 44. Ra1 Nxb3 45. Ra2 Na5 46. Nf4 Rxa6 47.
Nxd5 Nb3 48. Nxe7+ Kf8 0-1

[Event "European Youth Chess Championship G18"]
[Site "Prague, Top Hotel Prague"]
[Date "2012.08.19"]
[Round "3.22"]
[White "Balzano, Filli"]
[Black "Tarmastin, Laura"]
[Result "1-0"]
[WhiteElo "1916"]
[BlackElo "1747"]
[PlyCount "93"]
[EventDate "2012.08.17"]

1. e4 e5 2. Nf3 Nc6 3. Bc4 Bc5 4. c3 Nf6 5. d3 a6 6. Bb3 d6 7. h3 Be6 8. O-O
O-O 9. Nbd2 Re8 10. Re1 d5 11. Qe2 h6 12. Nf1 Qd7 13. Ng3 Rad8 14. Bc2 b5 15.
Nh2 dxe4 16. dxe4 Bc4 17. Qf3 Nh7 18. Nf5 Kh8 19. Qg3 f6 20. Nf3 Qf7 21. N3h4
Nf8 22. Be3 Bxe3 23. Qxe3 Rd7 24. a4 Red8 25. axb5 axb5 26. Red1 Rxd1+ 27. Rxd1
Rxd1+ 28. Bxd1 Qd7 29. Bg4 Qf7 30. Qc5 Na5 31. Ne3 Nb3 32. Qc6 Bd3 33. Nhf5 Nd2
34. Ng3 Ng6 35. Bh5 Kh7 36. Nef5 Qf8 37. Bxg6+ Kxg6 38. Qd7 Bxe4 39. Nh4+ Kh7
40. Qxd2 Bc6 41. Qd3+ Kg8 42. c4 Qe8 43. cxb5 Bxb5 44. Qd5+ Kh7 45. Qe4+ Kg8
46. Qg6 Qd7 47. Nhf5 1-0

[Event "European Youth Chess Championship G18"]
[Site "Prague, Top Hotel Prague"]
[Date "2012.08.19"]
[Round "3.23"]
[White "Kane, Marta"]
[Black "Zpevakova, Jana"]
[Result "1-0"]
[WhiteElo "1787"]
[BlackElo "1901"]
[PlyCount "53"]
[EventDate "2012.08.17"]

1. d4 Nf6 2. Nf3 d6 3. Bg5 Nbd7 4. e3 e5 5. dxe5 dxe5 6. Bb5 c6 7. Bc4 Be7 8.
O-O O-O 9. Nc3 Qc7 10. Qe2 b5 11. Bb3 Bb7 12. Rfd1 h6 13. Bh4 Rfe8 14. Bg3 Bf8
15. a3 a5 16. Rd2 Nh5 17. Nxe5 Nxe5 18. Qxh5 g5 19. Rad1 Re7 20. Ne4 Bg7 21.
Nd6 Bc8 22. Bxe5 Bxe5 23. Qxh6 Be6 24. Qxg5+ Bg7 25. Bxe6 Rxe6 26. Nf5 Rg6 27.
Ne7+ 1-0

[Event "European Youth Chess Championship G18"]
[Site "Prague, Top Hotel Prague"]
[Date "2012.08.19"]
[Round "3.24"]
[White "Sabolova, Kristyna"]
[Black "Machlik, Edit"]
[Result "1/2-1/2"]
[WhiteElo "1889"]
[BlackElo "1740"]
[PlyCount "63"]
[EventDate "2012.08.17"]

1. d4 Nf6 2. Nf3 g6 3. g3 d5 4. c4 Bg7 5. Bg2 O-O 6. b3 dxc4 7. bxc4 c5 8. e3
Nc6 9. Bb2 Bf5 10. Nh4 Be4 11. f3 Bxb1 12. Rxb1 Qa5+ 13. Qd2 Qxa2 14. O-O cxd4
15. exd4 Qxc4 16. Rfc1 Qe6 17. f4 Rfd8 18. Ba1 Qd7 19. Rxb7 Qxb7 20. Bxc6 Qb6
21. Bxa8 Rxa8 22. Nf3 a5 23. Ne5 a4 24. Qa2 Qb3 25. Qc2 Qe3+ 26. Kg2 Nd5 27.
Qc6 Qe4+ 28. Kf2 Qe3+ 29. Kg2 Qe4+ 30. Kf2 Qe3+ 31. Kg2 Qe4+ 32. Kf2 1/2-1/2

[Event "European Youth Chess Championship G18"]
[Site "Prague, Top Hotel Prague"]
[Date "2012.08.19"]
[Round "3.26"]
[White "Koselova, Zuzana"]
[Black "Steinhauserova, Anna"]
[Result "1-0"]
[WhiteElo "1912"]
[BlackElo "1788"]
[PlyCount "118"]
[EventDate "2012.08.17"]

1. e4 e5 2. Nf3 Nc6 3. Bb5 f5 4. Nc3 fxe4 5. Nxe4 Nf6 6. Nxf6+ Qxf6 7. Qe2 Be7
8. Bxc6 dxc6 9. Qxe5 O-O 10. Qxf6 Bxf6 11. d3 Re8+ 12. Kf1 Bg4 13. Ng1 Bd1 14.
c3 Bc2 15. f3 Bxd3+ 16. Kf2 Re6 17. Be3 b6 18. Re1 Rae8 19. Nh3 Bc4 20. a3 h6
21. Nf4 Rd6 22. Ne2 c5 23. Ng3 Be5 24. Ne4 Rd7 25. Rd1 Rf7 26. Nd2 Bd5 27. Nf1
Bc6 28. Bc1 Kh7 29. Ng3 g5 30. h3 Ref8 31. Rd3 Re8 32. Rhd1 Bd6 33. Re3 Rd8 34.
Rde1 Rdf8 35. Nf1 Bd7 36. Nd2 Kg6 37. Nc4 Bf4 38. R3e2 Bxc1 39. Ne5+ Kg7 40.
Nxf7 Bf4 41. Ne5 Bb5 42. Re4 Rd8 43. a4 Rd2+ 44. Kg1 Ba6 45. Ng4 Bd6 46. b4 Bd3
47. Re6 cxb4 48. cxb4 Bf5 49. Re7+ Kg6 50. Ne5+ Kf6 51. Nc6 Bxe7 52. Rxe7 Bd7
53. Rh7 Rd6 54. Rxh6+ Kf5 55. Rxd6 cxd6 56. Nxa7 d5 57. b5 Ke6 58. Kf2 Kd6 59.
Ke3 Kc7 1-0

[Event "European Youth Chess Championship G18"]
[Site "Prague, Top Hotel Prague"]
[Date "2012.08.19"]
[Round "3.29"]
[White "Bacic, Kristina"]
[Black "Urbonaviciute, Zivile"]
[Result "1-0"]
[WhiteElo "1801"]
[BlackElo "1763"]
[PlyCount "57"]
[EventDate "2012.08.17"]

1. d4 d5 2. Nf3 Nf6 3. Bg5 e6 4. e3 Nbd7 5. Bd3 h6 6. Bh4 Be7 7. O-O O-O 8. c4
c5 9. cxd5 Nxd5 10. Bxe7 Qxe7 11. Nc3 Nb4 12. a3 Nxd3 13. Qxd3 Rd8 14. Rfd1 Nf6
15. Qc4 cxd4 16. Rxd4 Rxd4 17. Qxd4 b6 18. Rd1 Bb7 19. Ne5 Nd5 20. Nxd5 Bxd5
21. e4 Bb3 22. Rd3 Rc8 23. h3 Bc2 24. Rg3 g6 25. Ng4 Rd8 26. Qe5 h5 27. Nf6+
Kg7 28. Nxh5+ Kh6 29. Qg7+ 1-0